| 000 | 00642nam a2200169 a 4500 | ||
|---|---|---|---|
| 003 | 0 | ||
| 005 | 20250505145316.0 | ||
| 008 | 080527s19uu xx 00 eng d | ||
| 050 |
_aPHS HD 8390.F5.J3 _b.O93 2005 |
||
| 100 | _aOuchi, Miki V. | ||
| 245 |
_aDifficulties encountered by Filipino entertainers in Japan and thier responses / _cMiki V. Ouchi. |
||
| 260 |
_aLas PiƱas City, Philippines : _bSouthville International School and Colleges, _c2005. |
||
| 300 |
_a25 pages : _billustrations ; _c28 cm. |
||
| 504 | _aIncludes bibliographical references. | ||
| 650 |
_aEntertainers _zPhilippines _xForeign employment _zJapan. |
||
| 942 |
_2lcc _cPASS |
||
| 999 |
_c97279 _d97279 |
||